Ports and inland waterways / (Record no. 2796)
[ view plain ]
| 000 -LEADER | |
|---|---|
| fixed length control field | 01070nam a2200277 4500 |
| 006 - FIXED-LENGTH DATA ELEMENTS--ADDITIONAL MATERIAL CHARACTERISTICS--GENERAL INFORMATION | |
| fixed length control field | a||||go||d| 00| 0 |
| 007 - PHYSICAL DESCRIPTION FIXED FIELD--GENERAL INFORMATION | |
| fixed length control field | cr ||||||||||| |
| 008 - FIXED-LENGTH DATA ELEMENTS--GENERAL INFORMATION | |
| fixed length control field | 861201s1979 enka o 001 0 eng d |
| 020 ## - INTERNATIONAL STANDARD BOOK NUMBER | |
| International Standard Book Number | 9780080224602 |
| Terms of availability | (ebook) |
| 040 ## - CATALOGING SOURCE | |
| Original cataloging agency | IMU Kochi Library |
| Language of cataloging | eng |
| 082 00 - DEWEY DECIMAL CLASSIFICATION NUMBER | |
| Classification number | 386.0941 |
| Edition number | 23 |
| 100 1# - MAIN ENTRY--PERSONAL NAME | |
| Personal name | Baxter, R. E. |
| Fuller form of name | (Ron Eric) |
| 245 10 - TITLE STATEMENT | |
| Title | Ports and inland waterways / |
| 260 ## - PUBLICATION, DISTRIBUTION, ETC. (IMPRINT) | |
| Place of publication, distribution, etc | London : |
| Name of publisher, distributor, etc | Published for the Royal Statistical Society and the Social Science Research Council [by] Pergamon Press, |
| Date of publication, distribution, etc | 1979. |
| 300 ## - PHYSICAL DESCRIPTION | |
| Extent | 1 online resource |
| 440 #0 - SERIES STATEMENT/ADDED ENTRY--TITLE | |
| Title | Reviews of United Kingdom statistical sources ; |
| Volume number/sequential designation | v. 10 |
| 500 ## - GENERAL NOTE | |
| General note | Includes bibliographical references and indexes. |
| 650 #0 - SUBJECT ADDED ENTRY--TOPICAL TERM | |
| Topical term or geographic name as entry element | Harbors |
| Geographic subdivision | Great Britain |
| General subdivision | Statistics. |
| 650 #0 - SUBJECT ADDED ENTRY--TOPICAL TERM | |
| Topical term or geographic name as entry element | Inland water transportation |
| Geographic subdivision | Great Britain |
| General subdivision | Statistics. |
| 650 #0 - SUBJECT ADDED ENTRY--TOPICAL TERM | |
| Topical term or geographic name as entry element | Aeronautics, Commercial |
| Geographic subdivision | Great Britain |
| General subdivision | Statistics. |
| 700 1# - ADDED ENTRY--PERSONAL NAME | |
| Personal name | Phillips, Celia M. |
| Title of a work | Civil aviation. |
| Relator term | Joint Author |
| 852 ## - LOCATION/CALL NUMBER | |
| Location | IMU Kochi Library |
| 856 40 - ELECTRONIC LOCATION AND ACCESS | |
| Uniform Resource Identifier | <a href="https://www.sciencedirect.com/science/book/9780080224602">https://www.sciencedirect.com/science/book/9780080224602</a> |
| 904 ## - LOCAL DATA ELEMENT D, LDD (RLIN) | |
| CATALOGER | Akhil Bose |
| 942 ## - ADDED ENTRY ELEMENTS (KOHA) | |
| Item type | E-Book |
No items available.